Catálogo - Centro de Recursos para el Aprendizaje y la Investigación

Volver al Sitio - CRAI Biblioteca

Conceptos y habilidas básicas en terapia familiar / (Registro nro. 113997)

Detalles MARC
000 -CABECERA
campo de control de longitud fija 01393nam a22002777a 4500
001 - NÚMERO DE CONTROL
campo de control 113997
003 - IDENTIFICADOR DEL NÚMERO DE CONTROL
campo de control DR-UNIBE
005 - FECHA Y HORA DE LA ÚLTIMA TRANSACCIÓN
campo de control 20250802062544.0
008 - DATOS DE LONGITUD FIJA--INFORMACIÓN GENERAL
campo de control de longitud fija 250801b2020 dr ||||| |||| 00| 0 spa d
020 ## - NÚMERO INTERNACIONAL ESTÁNDAR DEL LIBRO
Número Internacional Estándar del Libro 9789945886030
040 ## - FUENTE DE LA CATALOGACIÓN
Centro catalogador/agencia de origen BIBLIOTECA UNIBE
Lengua de catalogación spa
Centro/agencia transcriptor BIBLIOTECA UNIBE
Normas de descripción rda
041 ## - CÓDIGO DE LENGUA
Código de lengua del texto/banda sonora o título independiente spa
082 ## - NÚMERO DE LA CLASIFICACIÓN DECIMAL DEWEY
Número de clasificación RD 616.89156 V496c 2020
100 ## - ENTRADA PRINCIPAL--NOMBRE DE PERSONA
Nombre de persona Vergés, Luis
Fechas asociadas al nombre 1962-
Término indicativo de función/relación autor
9 (RLIN) 155742
245 10 - MENCIÓN DE TÍTULO
Título Conceptos y habilidas básicas en terapia familiar /
Mención de responsabilidad, etc. Luis Vergés
250 ## - MENCIÓN DE EDICIÓN
Mención de edición Tercera edición
260 ## - PUBLICACIÓN, DISTRIBUCIÓN, ETC.
Lugar de publicación, distribución, etc. Santo Domingo :
Nombre del editor, distribuidor, etc. Amigo del Hogar,
Fecha de publicación, distribución, etc. 2020
300 ## - DESCRIPCIÓN FÍSICA
Extensión 444 páginas :
505 ## - NOTA DE CONTENIDO CON FORMATO
Nota de contenido con formato 1. Historia de la terapia familiar |<br/>2. La familia: concepto, estructura y funciones |<br/>3. La entrevista inicial y su papel en el proceso terapéutico |<br/>4. Evaluación del sistema familiar |<br/>5. Plan de tratamiento para las disfunciones familiares |<br/>6. Los modelos de intervención en terapia familiar |<br/>7. La ética del terapeuta familiar |<br/>8. Situaciones practicas en la terapia familiar |<br/>9. La terapia familiar aplicada a situaciones especiales |<br/>10. La persona del terapeuta y habilidades para intervenir el sistema familiar |<br/><br/>
650 #7 - PUNTO DE ACCESO ADICIONAL DE MATERIA--TÉRMINO DE MATERIA
Fuente del encabezamiento o término lemb
Término de materia o nombre geográfico como elemento de entrada Familias con problemas
9 (RLIN) 36392
650 #7 - PUNTO DE ACCESO ADICIONAL DE MATERIA--TÉRMINO DE MATERIA
Fuente del encabezamiento o término lemb
Término de materia o nombre geográfico como elemento de entrada Psicoterapia familiar
650 #7 - PUNTO DE ACCESO ADICIONAL DE MATERIA--TÉRMINO DE MATERIA
Fuente del encabezamiento o término lemb
Término de materia o nombre geográfico como elemento de entrada Terapia
9 (RLIN) 8111
653 00 - TÉRMINO DE INDIZACIÓN--NO CONTROLADO
Término no controlado Terapia familiar
700 1# - PUNTO DE ACCESO ADICIONAL--NOMBRE DE PERSONA
Nombre de persona Rodríguez de Báez, Martha
Término indicativo de función/relación revisor
9 (RLIN) 198116
942 ## - ELEMENTOS DE PUNTO DE ACCESO ADICIONAL (KOHA)
Fuente del sistema de clasificación o colocación Sistema de Clasificación Decimal Dewey
Tipo de ítem Koha Libro (general)
Existencias
Estado de retiro Estado de pérdida Fuente del sistema de clasificación o colocación Estado dañado No para préstamo Código de colección Localización permanente Ubicación en estantería Fecha de adquisición Total de préstamos Signatura topográfica completa Código de barras Fecha visto por última vez Número de copia Precio válido a partir de Tipo de ítem Koha
  Disponible Sistema de Clasificación Decimal Dewey     General - Libros dominicanos Biblioteca Central UNIBE Área de exhibición 01/08/2025   RD 616.89156 V496c 2020 250943 01/08/2025 Ej. 1 01/08/2025 Libro (general)